• 首页
  • 本馆介绍
  • 公告通知
  • 最新文献
  • 馆藏检索
  • 电子资源
  • 读者导购
  • 参考咨询
  • 我的图书馆
  • 登录
  • 详细信息显示
  • 放入我的书架
  • 预约/预借图书
  • 作者相关作品
  • 分类相关作品
  • 丛书相关作品
  • 出版社相关作品

书目信息

  • 表格格式
  • 工作单格式
  • 卡片格式
题名:
生态批评的空间
    
 
作者: 鲁枢元 著
分册:  
出版信息: 上海   华东师范大学出版社  2006
页数: 330页
开本: 23cm
丛书名:
单 册:
中图分类: Q14-05 , I06
科图分类:
主题词: 生态学--关系--文艺学--研究 , 生态学 , 文艺学 , 文学评论 , 文学欣赏
电子资源:
ISBN: 7-5617-4719-5
000 00924nam0 2200301 450
001 012007647627
005 20070611111611.23
010    @a7-5617-4719-5@dCNY29.80
100    @a20070427d2006 km y0chiy0120 ea
101 0  @achi
102    @aCN@b310000
105    @ay z 000yy
106    @ar
200 1  @a生态批评的空间@Asheng tai pi ping de kong jian@f鲁枢元著@Flu shu yuan zhu
210    @a上海@c华东师范大学出版社@d2006
215    @a330页@d23cm
330    @a生态学批评的人文转向,是人类社会发展进程中的一次划时代的转向,生态观念的空显,是一种新型的世界观的展现。本书是一部关于“生态批评”的专论。
510 1  @aSpace for ecocrticism@zeng
606 0  @a生态学@x关系@x文艺学@x研究
606 0  @a生态学
606 0  @a文艺学
606 0  @a文学评论
606 0  @a文学欣赏
690    @aQ14-05@v4
690    @aI06@v3
701  0 @a鲁枢元@Alu shu yuan@4著
801  0 @aCN@bRULIN@c20070611
905    @dI06@e167@s5
    
    生态批评的空间/鲁枢元著.-上海:华东师范大学出版社,2006
    330页;23cm
    
    
    ISBN 7-5617-4719-5:CNY29.80
    生态学批评的人文转向,是人类社会发展进程中的一次划时代的转向,生态观念的空显,是一种新型的世界观的展现。本书是一部关于“生态批评”的专论。
●
相关链接 在E读中查询图书 在五车中查询图书 在当当中查询图书 在豆瓣中查询图书


正题名:生态批评的空间     索取号:I06/167         预约/预借

序号 登录号 条形码 馆藏地/架位号 状态 备注
1 0573397   205733973   第一样本阅览室/ [索取号:I06/167] 在馆    
2 0573398   205733982   第二借阅区/ [索取号:I06/167] 在馆    
3 0573399   205733991   第二借阅区/ [索取号:I06/167] 在馆    
4 0573400   205734008   第二借阅区/ [索取号:I06/167] 在馆    
5 0573401   205734017   第二借阅区/ [索取号:I06/167] 在馆    
唐山师范学院图书馆 欢迎您!
大连网信软件有限公司© 版权所有